Úlohy univerzít v dynamike znalostných procesov
Univerzity v kontexte prechodu od industriálnej k znalostnej ekonomike. Transfer znalostí medzi priemyslom a vedeckým sektorom. Univerzity a ich vplyv na inovačné podnikateľské prostredie. Trendy vládnych iniciatív pri posilňovaní inovačného podnikateľského prostredia. Vysokoškolské vzdelávanie a je...
Gespeichert in:
| 1. Verfasser: | |
|---|---|
| Format: | Buchkapitel |
| Sprache: | Slowakisch |
| Schlagworte: | |
| Tags: |
Keine Tags, Fügen Sie das erste Tag hinzu!
|
MARC
| LEADER | 00000naa$a2200000$$$4500 | ||
|---|---|---|---|
| 001 | 0112314 | ||
| 005 | 20240513083611.9 | ||
| 041 | 0 | |a slo | |
| 044 | |a SK | ||
| 245 | 1 | 0 | |a Úlohy univerzít v dynamike znalostných procesov |c Jana Černá |
| 520 | |a Univerzity v kontexte prechodu od industriálnej k znalostnej ekonomike. Transfer znalostí medzi priemyslom a vedeckým sektorom. Univerzity a ich vplyv na inovačné podnikateľské prostredie. Trendy vládnych iniciatív pri posilňovaní inovačného podnikateľského prostredia. Vysokoškolské vzdelávanie a jeho vplyv na formovanie ľudského kapitálu. Vplyv inštitúcií vysokoškolského vzdelávania na širší sociálny a kultúrny rozvoj regiónu. Špecifiká transformovaných ekonomík. | ||
| 610 | 2 | 0 | |a vzdelávanie vysokoškolské |
| 610 | 2 | 0 | |a univerzity |
| 610 | 2 | 0 | |a veda |
| 610 | 2 | 0 | |a výskum |
| 610 | 2 | 0 | |a ekonomika vedomostná |
| 610 | 2 | 0 | |a kapitál ľudský |
| 610 | 2 | 0 | |a rozvoj regionálny |
| 610 | 2 | 0 | |a rozvoj sociálny |
| 610 | 2 | 0 | |a kultúra |
| 610 | 2 | 0 | |a krajiny tranzitívne |
| 610 | 2 | 0 | |a inovácia |
| 610 | 2 | 0 | |a prostredie podnikateľské |
| 100 | 1 | |a Černá, Jana | |